Afn shvel fun dritn yor funem finfyor (Запись № 11627269)
[ простой вид ]
| 000 -МАРКЕР | |
|---|---|
| контрольное поле | 01679nam0a22003731 4500 |
| 001 - ИДЕНТИФИКАТОР ЗАПИСИ | |
| контрольное поле | RU\NLR\Evr\9494 |
| 005 - ИДЕНТИФИКАТОР ВЕРСИИ | |
| контрольное поле | 20251202160538.0 |
| 035 ## - ДРУГИЕ СИСТЕМНЫЕ НОМЕРА | |
| Идентификатор записи | (NLR Aleph) 011425867 |
| 100 ## - ДАННЫЕ ОБЩЕЙ ОБРАБОТКИ | |
| Данные общей обработки | 20160425d1930 u y0rusy50 ca |
| 101 0# - ЯЗЫК РЕСУРСА | |
| Язык текста, звукозаписи и т.д. | идиш |
| 102 ## - СТРАНА ПУБЛИКАЦИИ ИЛИ ПРОИЗВОДСТВА | |
| Страна публикации | российская федерация |
| 105 ## - ПОЛЕ КОДИРОВАННЫХ ДАННЫХ: ТЕКСТОВЫЕ МАТЕРИАЛЫ, МОНОГРАФИЧЕСКИЕ | |
| Кодированные данные о монографическом текстовом документе | y ||||||||| |
| 200 1# - ЗАГЛАВИЕ И СВЕДЕНИЯ ОБ ОТВЕТСТВЕННОСТИ | |
| Связь между полями | a01 |
| Графика поля | Латинская |
| Основное заглавие | Afn shvel fun dritn yor funem finfyor |
| Сведения, относящиеся к заглавию | Vos hot bashtimt der XVI tsuzamenfor fun AlKP(b) vegn der industrie |
| Первые сведения об ответственности | A.F. Khavin |
| 210 ## - ПУБЛИКАЦИЯ, РАСПРОСТРАНЕНИЕ И ДР. | |
| Связь между полями | a01 |
| Место издания, распространения и т.д. | Moskve |
| Имя издателя, распространителя и т. д. | Emes |
| Дата издания, распространения и т.д. | 1930 |
| Графика поля | Латинская |
| 210 ## - ПУБЛИКАЦИЯ, РАСПРОСТРАНЕНИЕ И ДР. | |
| Связь между полями | a01 |
| -- | z02 |
| Место издания, распространения и т.д. | מאָסקווע |
| Имя издателя, распространителя и т. д. | עמעס |
| Дата издания, распространения и т.д. | 1930 |
| 210 ## - ПУБЛИКАЦИЯ, РАСПРОСТРАНЕНИЕ И ДР. | |
| -- | z02 |
| Место издания, распространения и т.д. | Москва |
| Имя издателя, распространителя и т. д. | Эмес |
| Дата издания, распространения и т.д. | 1930 |
| Графика поля | Кириллица |
| 215 ## - ФИЗИЧЕСКАЯ ХАРАКТЕРИСТИКА | |
| Специфическое обозначение материала и объем | 56 с. |
| Размеры | 19 см. |
| 225 1# - СЕРИЯ | |
| -- | a01 |
| -- | ba |
| Основное заглавие серии | XVI Partay-Tsuzamenfor |
| 225 1# - СЕРИЯ | |
| -- | a01 |
| -- | ha |
| Международный стандартный номер (кроме ISSN) | z02 |
| Основное заглавие серии | 16פּארטיי-צוזאמענפאָר |
| 225 1# - СЕРИЯ | |
| Основное заглавие серии | XVI Партийный Съезд |
| -- | ca |
| Международный стандартный номер (кроме ISSN) | z02 |
| 300 ## - ОБЩИЕ ПРИМЕЧАНИЯ | |
| Текст примечания | Название серии указано только на обложке |
| 510 1# - ПАРАЛЛЕЛЬНОЕ ЗАГЛАВИЕ | |
| Связь между полями | a01 |
| Параллельное заглавие | אפן שוועל פון דריטן יאָר פונעם פינפיאָר |
| Сведения, относящиеся к заглавию | וואָס האָט באשטימט דער 16 צוזאמענפאָר פון אלקפּ(ב) וועגן דער אינדוסטרע |
| -- | א.פ. כאווין |
| 541 1# - ПЕРЕВОД ЗАГЛАВИЯ, СДЕЛАННЫЙ КАТАЛОГИЗАТОРОМ | |
| Заглавие | На пороге третьего года пятилетки |
| Сведения, относящиеся к заглавию | Что решил XVI съезд ВКП(б) об индустрии |
| Язык заглавия | русский |
| 700 #1 - ИМЯ ЛИЦА - ПЕРВИЧНАЯ ОТВЕТСТВЕННОСТЬ | |
| Связь между полями | a01 |
| Начальный элемент ввода | Хавин |
| Часть имени, кроме начального элемента ввода | А.Ф. |
| Даты | 1896-1969 |
| Расширение инициалов личного имени | Абрам Фишелевич |
| Идентификатор авторитетной/нормативной записи | RU\NLR\AUTH\7959088 |
| Код отношения | Автор |
| Графика поля | Кириллица |
| 801 #0 - ИСТОЧНИК ЗАПИСИ | |
| Страна | российская федерация |
| Организация | NLR |
| Дата составления | 20160425 |
| Правила каталогизации | psbo |
| 801 #0 - ИСТОЧНИК ЗАПИСИ | |
| Страна | российская федерация |
| Организация | NLR |
| Правила каталогизации | PSBO |
| 801 #1 - ИСТОЧНИК ЗАПИСИ | |
| Страна | российская федерация |
| Организация | NLR |
| Дата составления | 20160425 |
| Источник данных | rusmarc |
| 801 #2 - ИСТОЧНИК ЗАПИСИ | |
| Страна | российская федерация |
| Организация | NLR |
| Дата составления | 20160902 |
| Источник данных | rusmarc |
| 852 ## - МЕСТОНАХОЖДЕНИЕ И ШИФР ХРАНЕНИЯ | |
| Идентификатор организации | NLR |
| Наименование фонда или коллекции (Sub-Location Identifier) | ОЛСАА/идиш |
| Шифр хранения (Call Number) | 2-728 |
| 942 ## - ДОПОЛНИТЕЛЬНЫЕ ЭЛЕМЕНТЫ ЗАПИСИ (АБИС) | |
| Тип экземпляра АБИС | Книга |
| 980 ## - КОЛЛЕКЦИЯ | |
| Название коллекции | Национальная библиография |
| 980 1# - КОЛЛЕКЦИЯ | |
| Название коллекции | Издания на идише из фонда ОЛСАА |
Нет доступных экземпляров.